[Event "6th London CC Elite Blitz 2014"]
[Site "London ENG"]
[Date "2014.12.08"]
[Round "7.1"]
[White "Anand, Viswanathan"]
[Black "Adams, Michael"]
[Result "1-0"]
[WhiteTitle "GM"]
[BlackTitle "GM"]
[WhiteElo "2793"]
[BlackElo "2745"]
[WhiteFideId "5000017"]
[BlackFideId "400041"]
[EventDate "2014.12.08"]

1. e4 e5 2. Nf3 Nc6 3. Bb5 a6 4. Ba4 Nf6 5. O-O Be7 6. d3 b5 7. Bb3 d6 8. a3 O-O
9. Nc3 Bg4 10. Be3 Nd4 11. Bxd4 exd4 12. Nd5 Nd7 13. h3 Bxf3 14. Qxf3 c6 15. Nf4
Rb8 16. Ne2 Bf6 17. Qg3 Nc5 18. Ba2 b4 19. axb4 Rxb4 20. Rfb1 Re8 21. Qf3 a5 22.
c3 dxc3 23. bxc3 Rxb1+ 24. Rxb1 Qc7 25. Qe3 g6 26. f3 Rb8 27. Rxb8+ Qxb8 28. d4
Nd7 29. Qd3 Qb7 30. f4 d5 31. e5 Be7 32. Qc2 Qb6 33. Kh2 Bd8 34. c4 Qb7 35. cxd5
cxd5 36. Nc3 Nb6 37. Qd3 Qc6 38. Qf3 a4 39. Nxd5 Nxd5 40. Bxd5 Qd7 41. Qe4 Kg7
42. Ba2 Bb6 43. d5 Qb5 44. Qc4 Qxc4 45. Bxc4 a3 46. Kg3 Bd4 47. Kf3 Kf8 48. Ke4
Bf2 49. g4 Ke7 50. d6+ Kf8 51. f5 gxf5+ 52. gxf5 Bg3 53. Kd5 Ke8 54. e6 fxe6+
55. fxe6 Bh4 56. Kc5 Bf2+ 57. Kb4 Bg3 58. Bb5+ 1-0

[Event "6th London CC Elite Blitz 2014"]
[Site "London ENG"]
[Date "2014.12.08"]
[Round "8.1"]
[White "Adams, Michael"]
[Black "Anand, Viswanathan"]
[Result "1/2-1/2"]
[WhiteTitle "GM"]
[BlackTitle "GM"]
[WhiteElo "2745"]
[BlackElo "2793"]
[WhiteFideId "400041"]
[BlackFideId "5000017"]
[EventDate "2014.12.08"]

1. e4 e5 2. Nf3 Nc6 3. Nc3 Nf6 4. d4 exd4 5. Nxd4 Bb4 6. Nxc6 bxc6 7. Bd3 O-O 8.
O-O d5 9. exd5 cxd5 10. h3 Rb8 11. Qf3 h6 12. Bf4 Bd6 13. b3 Bb7 14. Bxd6 Qxd6
15. Nb5 Qb6 16. Qf4 c5 17. Nd6 Qc7 18. Qg3 Nh5 19. Qe5 Rbd8 20. Qxh5 Qxd6 21.
Rfe1 Rfe8 22. Qh4 Bc6 23. a4 Kf8 24. Bb5 Rb8 25. Bxc6 Qxc6 26. Qf4 Rbd8 27. Rad1
Kg8 28. Qf5 d4 29. Qd3 g6 30. Kf1 Kg7 31. Qc4 Qd6 32. g3 h5 33. h4 Qc6 34. Kg1
Qd6 35. Re2 Rxe2 36. Qxe2 Qe6 37. Kf1 Qh3+ 38. Kg1 Qe6 39. Kf1 1/2-1/2

[Event "6th London CC Elite Blitz 2014"]
[Site "London ENG"]
[Date "2014.12.08"]
[Round "9.3"]
[White "Giri, Anish"]
[Black "Adams, Michael"]
[Result "0-1"]
[WhiteTitle "GM"]
[BlackTitle "GM"]
[WhiteElo "2768"]
[BlackElo "2745"]
[WhiteFideId "24116068"]
[BlackFideId "400041"]
[EventDate "2014.12.08"]

1. e4 e5 2. Nf3 Nc6 3. Bb5 a6 4. Ba4 Nf6 5. O-O Be7 6. d3 b5 7. Bb3 d6 8. a3 Na5
9. Ba2 c5 10. Nh4 O-O 11. Nf5 Bxf5 12. exf5 c4 13. dxc4 Nxc4 14. Nc3 d5 15. Bxc4
bxc4 16. Bg5 d4 17. Bxf6 Bxf6 18. Ne4 Rb8 19. b3 cxb3 20. cxb3 Qd5 21. Qg4 Kh8
22. b4 Rfc8 23. Rad1 Qb3 24. Qe2 Qxa3 25. Ra1 Qxb4 26. Qxa6 Qb6 27. Qa2 Qb3 28.
Qa6 Qb6 29. Qa2 Qc6 30. f3 Qd7 31. Rfd1 h6 32. h3 Bg5 33. Kh2 Bf4+ 34. g3 Be3
35. Kg2 Qxf5 36. Rab1 Qd7 37. Rxb8 Rxb8 38. Nc5 Qc6 39. Nd3 e4 40. Ne5 exf3+ 41.
Kh2 Qf6 42. Nd7 Qe6 0-1

[Event "6th London CC Elite Blitz 2014"]
[Site "London ENG"]
[Date "2014.12.08"]
[Round "10.3"]
[White "Adams, Michael"]
[Black "Giri, Anish"]
[Result "1-0"]
[WhiteTitle "GM"]
[BlackTitle "GM"]
[WhiteElo "2745"]
[BlackElo "2768"]
[WhiteFideId "400041"]
[BlackFideId "24116068"]
[EventDate "2014.12.08"]

1. e4 c5 2. Nf3 e6 3. d4 cxd4 4. Nxd4 Nc6 5. Nc3 Qc7 6. f4 a6 7. Nxc6 bxc6 8.
Bd3 d5 9. O-O Nf6 10. Qe2 Be7 11. Bd2 g6 12. Kh1 O-O 13. Rae1 dxe4 14. Nxe4 Nxe4
15. Bxe4 Bf6 16. b3 a5 17. Qf3 Bb7 18. Bc3 Bxc3 19. Qxc3 Rfd8 20. a4 Qb6 21. Rd1
Rac8 22. h3 Ba6 23. Rfe1 c5 24. Qf6 Rd4 25. Rxd4 cxd4 26. Rd1 Bb7 27. Bxb7 Qxb7
28. Rxd4 Qc7 29. c3 h5 30. b4 axb4 31. cxb4 Qc1+ 32. Kh2 Qe1 33. h4 Rf8 34. a5
Re8 35. a6 Qa1 36. b5 e5 37. Rd7 Rf8 38. fxe5 Qa4 39. e6 1-0